|
|
|
|
| LEADER |
00000nas a2200000 a 4500 |
| 001 |
ssj0018390 |
| 003 |
WaSeSS |
| 005 |
20200512172242.0 |
| 006 |
m d |
| 007 |
cr n |
| 008 |
021028d20022019ksuqr p s 0 a0eng c |
| 010 |
|
|
|a 2002236190
|
| 016 |
7 |
|
|a 011150951
|2 Uk
|
| 022 |
|
|
|l 1544-2225
|y 1544-2225
|
| 035 |
|
|
|a (WaSeSS)ssj0018390
|
| 040 |
|
|
|a TJC
|b eng
|c TJC
|d HLS
|d NSD
|d DLC
|d ORU
|d IUL
|d CDS
|d MTG
|d OCLCQ
|d WAU
|d CDF
|d DLC
|d IUL
|d CUI
|d OCLCQ
|d CUS
|d UKMGB
|d OCLCF
|d TJC
|d WCM
|d JOV
|d GRR
|d OCLCO
|d U3G
|d CNO
|d TYC
|d CBA
|d HTM
|d SXQ
|d ZQP
|d DLC
|d OCLCQ
|d OCLCO
|d UMC
|d HLS
|d WaSeSS
|
| 042 |
|
|
|a pcc
|a nsdp
|
| 050 |
0 |
0 |
|a PN4784.U53
|b U88
|
| 050 |
1 |
4 |
|a AP2
|b U863
|
| 082 |
0 |
0 |
|a 051
|2 19
|
| 210 |
0 |
|
|a Utne
|b (Minneap. Minn.)
|
| 222 |
|
0 |
|a Utne
|b (Minneapolis, Minn.)
|
| 245 |
0 |
0 |
|a Utne
|h [electronic resource].
|
| 246 |
1 |
|
|i Issues for Nov./Dec. 2006- have also title:
|a Utne reader
|
| 260 |
|
|
|3 2002- :
|a Minneapolis, MN :
|b LENS Pub. Co.,
|c ©2002-©2019.
|
| 260 |
3 |
|
|3 <Sept./Oct. 2006>-summer 2019 :
|a Topeka, KS :
|b Ogden Publications Inc.
|
| 310 |
|
|
|a Quarterly,
|b summer 2014-summer 2019
|
| 321 |
|
|
|a Bimonthly,
|b Nov./Dec. 2002-Mar./Apr. 2014
|
| 362 |
0 |
|
|a No. 114 (Nov./Dec. 2002)-v. 203 (summer 2019).
|
| 506 |
|
|
|a License restrictions may limit access.
|
| 588 |
|
|
|a Description based on: No. 114 (Nov./Dec. 2002); title from cover.
|
| 650 |
|
0 |
|a Underground press publications
|v Periodicals.
|
| 650 |
|
0 |
|a Underground press publications
|v Directories.
|
| 650 |
|
7 |
|a Underground press publications.
|2 fast
|0 (OCoLC)fst01160984
|
| 655 |
|
0 |
|a Electronic journals.
|
| 780 |
0 |
0 |
|t Utne reader
|x 8750-0256
|w (DLC) 87645243
|w (OCoLC)10669425
|
| 850 |
|
|
|a DLC
|
| 853 |
2 |
0 |
|8 1
|a no.
|i (year)
|j (month/month)
|w b
|
| 856 |
4 |
0 |
|z Full text available from Research Library: 11/01/2002 to present
|u https://search.proquest.com/publication/27049
|
| 863 |
4 |
1 |
|8 1.1
|a 114
|i 2002
|j 11/12
|